<?xml version="1.0" encoding="UTF-8"?>
<record
    xmlns:xsi="http://www.w3.org/2001/XMLSchema-instance"
    xsi:schemaLocation="http://www.loc.gov/MARC21/slim http://www.loc.gov/standards/marcxml/schema/MARC21slim.xsd"
    xmlns="http://www.loc.gov/MARC21/slim">

  <leader>00672nam a22001337a 4500</leader>
  <datafield tag="040" ind1=" " ind2=" ">
    <subfield code="c">RUA</subfield>
  </datafield>
  <datafield tag="082" ind1=" " ind2=" ">
    <subfield code="a">AGR KEO 2020 B1-586 Or.</subfield>
  </datafield>
  <datafield tag="100" ind1=" " ind2=" ">
    <subfield code="a">KEO MENGSREANG &#x1780;&#x17C2;&#x179C;&#x200B; &#x1798;&#x17C9;&#x17C1;&#x1784;&#x179F;&#x17D2;&#x179A;&#x17CA;&#x17B6;&#x1784;</subfield>
  </datafield>
  <datafield tag="245" ind1=" " ind2=" ">
    <subfield code="a">USING DIFFERENT PLANT GROW REGULATION (GA3) ON OKRA YIELDS &#x1780;&#x17B6;&#x179A;&#x1794;&#x17D2;&#x179A;&#x17BE;&#x1794;&#x17D2;&#x179A;&#x17B6;&#x179F;&#x17CB;&#x1790;&#x17D2;&#x1793;&#x17B6;&#x17C6;&#x1787;&#x1798;&#x17D2;&#x179A;&#x17BB;&#x1789;&#x1780;&#x17B6;&#x179A;&#x179B;&#x17BC;&#x178F;&#x179B;&#x17B6;&#x179F;&#x17CB; (GA3) &#x1795;&#x17D2;&#x179F;&#x17C1;&#x1784;&#x17D7;&#x1782;&#x17D2;&#x1793;&#x17B6;&#x1791;&#x17C5;&#x179B;&#x17BE;&#x1791;&#x17B7;&#x1793;&#x17D2;&#x1793;&#x1795;&#x179B;&#x178A;&#x17C6;&#x178E;&#x17B6;&#x17C6;&#x1796;&#x17C4;&#x178F;&#x1794;&#x17B6;&#x179A;&#x17B6;&#x17C6;&#x1784;</subfield>
  </datafield>
  <datafield tag="260" ind1=" " ind2=" ">
    <subfield code="a">PHNOM PENH</subfield>
    <subfield code="b">RUA</subfield>
    <subfield code="c">2020</subfield>
  </datafield>
  <datafield tag="300" ind1=" " ind2=" ">
    <subfield code="a">IX. 32P</subfield>
    <subfield code="b">VI.</subfield>
    <subfield code="c">29CM</subfield>
  </datafield>
  <datafield tag="856" ind1=" " ind2=" ">
    <subfield code="u">https://drive.google.com/file/d/1qzwt-fkwFKOckHHqkAwtxLVAAcTkPhPe/view?usp=sharing</subfield>
  </datafield>
  <datafield tag="942" ind1=" " ind2=" ">
    <subfield code="c">AGR</subfield>
  </datafield>
  <datafield tag="999" ind1=" " ind2=" ">
    <subfield code="c">22673</subfield>
    <subfield code="d">22673</subfield>
  </datafield>
  <datafield tag="952" ind1=" " ind2=" ">
    <subfield code="0">0</subfield>
    <subfield code="1">0</subfield>
    <subfield code="2">ddc</subfield>
    <subfield code="4">0</subfield>
    <subfield code="6">AGR_KEO_2020_000000000000000_B1586_OR</subfield>
    <subfield code="7">0</subfield>
    <subfield code="9">97426</subfield>
    <subfield code="a">LBB</subfield>
    <subfield code="b">LBB</subfield>
    <subfield code="c">B1.586</subfield>
    <subfield code="d">2024-03-25</subfield>
    <subfield code="o">AGR KEO 2020 B1-586 Or.</subfield>
    <subfield code="p">a078190</subfield>
    <subfield code="r">2024-03-25</subfield>
    <subfield code="w">2024-03-25</subfield>
    <subfield code="y">AGR</subfield>
  </datafield>
  <datafield tag="952" ind1=" " ind2=" ">
    <subfield code="0">0</subfield>
    <subfield code="1">0</subfield>
    <subfield code="2">ddc</subfield>
    <subfield code="4">0</subfield>
    <subfield code="6">AGR_KEO_2020_000000000000000_B1586_OR</subfield>
    <subfield code="7">0</subfield>
    <subfield code="9">97427</subfield>
    <subfield code="a">LBB</subfield>
    <subfield code="b">LBB</subfield>
    <subfield code="c">B1.586</subfield>
    <subfield code="d">2024-03-25</subfield>
    <subfield code="l">2</subfield>
    <subfield code="o">AGR KEO 2020 B1-586 Or.</subfield>
    <subfield code="p">a078130</subfield>
    <subfield code="r">2024-11-12</subfield>
    <subfield code="s">2024-11-05</subfield>
    <subfield code="w">2024-03-25</subfield>
    <subfield code="y">AGR</subfield>
  </datafield>
  <datafield tag="952" ind1=" " ind2=" ">
    <subfield code="0">0</subfield>
    <subfield code="1">0</subfield>
    <subfield code="2">ddc</subfield>
    <subfield code="4">0</subfield>
    <subfield code="6">AGR_KEO_2020_000000000000000_B1586_OR</subfield>
    <subfield code="7">0</subfield>
    <subfield code="9">97428</subfield>
    <subfield code="a">LBB</subfield>
    <subfield code="b">LBB</subfield>
    <subfield code="c">B1.586</subfield>
    <subfield code="d">2024-03-25</subfield>
    <subfield code="o">AGR KEO 2020 B1-586 Or.</subfield>
    <subfield code="p">a078158</subfield>
    <subfield code="r">2024-03-25</subfield>
    <subfield code="w">2024-03-25</subfield>
    <subfield code="y">AGR</subfield>
  </datafield>
  <datafield tag="952" ind1=" " ind2=" ">
    <subfield code="0">0</subfield>
    <subfield code="1">0</subfield>
    <subfield code="2">ddc</subfield>
    <subfield code="4">0</subfield>
    <subfield code="6">AGR_KEO_2020_000000000000000_B1586_OR</subfield>
    <subfield code="7">0</subfield>
    <subfield code="9">97429</subfield>
    <subfield code="a">LBB</subfield>
    <subfield code="b">LBB</subfield>
    <subfield code="c">B1.586</subfield>
    <subfield code="d">2024-03-25</subfield>
    <subfield code="o">AGR KEO 2020 B1-586 Or.</subfield>
    <subfield code="p">a078086</subfield>
    <subfield code="r">2024-03-25</subfield>
    <subfield code="w">2024-03-25</subfield>
    <subfield code="y">AGR</subfield>
  </datafield>
</record>
